000 01001nam a22002777a 4500
005 20240530110358.0
008 150114s2010 ua g b 000 0 ara d
017 _a2009/23105
_bمصر . دار الكتب المصرية
020 _a9789774311677
040 _aEG-CaGPL
041 0 _aara
082 0 4 _221
_a155.413\
_bا م
100 0 _aابراهيم جابر السيد
245 1 0 _aميلاد الذكاء عند الطفل /
_cابراهيم جابر السيد
250 _aط1
260 _aالقاهرة :
_bمؤسسة طيبة للنشر و التوزيع ،
_c2010
300 _a276 ص ؛
_c24 سم
490 _aسلسلة التطور النفسى للطفل
504 _aيشتمل على ارجاعات ببليوجرافية
650 0 4 _aالذكاء
650 0 4 _aاختبارات الذكاء
650 0 4 _aالاطفال
_xرعاية ذهنية
650 0 4 _aالاطفال
_xعلم نفس
942 _2ddc
_cBK
999 _c60198
_d60198